<?xml version="1.0" encoding="UTF-8"?>
<record
    xmlns:xsi="http://www.w3.org/2001/XMLSchema-instance"
    xsi:schemaLocation="http://www.loc.gov/MARC21/slim http://www.loc.gov/standards/marcxml/schema/MARC21slim.xsd"
    xmlns="http://www.loc.gov/MARC21/slim">

  <leader>05572cam a22004694a 4500</leader>
  <controlfield tag="001">15327829</controlfield>
  <controlfield tag="003">OSt</controlfield>
  <controlfield tag="005">20150408114045.0</controlfield>
  <controlfield tag="008">120623s2010    paua   | b    001 0 eng  </controlfield>
  <datafield tag="020" ind1=" " ind2=" ">
    <subfield code="a">9781416059400</subfield>
  </datafield>
  <datafield tag="020" ind1=" " ind2=" ">
    <subfield code="a">1416059407</subfield>
  </datafield>
  <datafield tag="020" ind1=" " ind2=" ">
    <subfield code="a">9780808924166 (International ed.)</subfield>
  </datafield>
  <datafield tag="020" ind1=" " ind2=" ">
    <subfield code="a">0808924168 (International ed.)</subfield>
  </datafield>
  <datafield tag="040" ind1=" " ind2=" ">
    <subfield code="c">MU</subfield>
  </datafield>
  <datafield tag="082" ind1="0" ind2="0">
    <subfield code="a">618 H A M</subfield>
    <subfield code="2">22</subfield>
  </datafield>
  <datafield tag="245" ind1="0" ind2="0">
    <subfield code="a">Hacker and Moore's essentials of obstetrics and gynecology /</subfield>
    <subfield code="c">[edited by] Neville F. Hacker, Joseph C. Gambone, Calvin J. Hobel.</subfield>
  </datafield>
  <datafield tag="246" ind1="3" ind2="0">
    <subfield code="a">Essentials of obstetrics and gynecology</subfield>
  </datafield>
  <datafield tag="250" ind1=" " ind2=" ">
    <subfield code="a">5th ed.</subfield>
  </datafield>
  <datafield tag="260" ind1=" " ind2=" ">
    <subfield code="a">Philadelphia, PA :</subfield>
    <subfield code="b">Saunders/Elsevier,</subfield>
    <subfield code="c">c2010.</subfield>
  </datafield>
  <datafield tag="300" ind1=" " ind2=" ">
    <subfield code="a">xvi, 475 p. :</subfield>
    <subfield code="b">ill. (chiefly col.) ;</subfield>
    <subfield code="c">26 cm.</subfield>
  </datafield>
  <datafield tag="500" ind1=" " ind2=" ">
    <subfield code="a">"A student Consult title"--Cover.</subfield>
  </datafield>
  <datafield tag="500" ind1=" " ind2=" ">
    <subfield code="a">Rev. ed. of: Essentials of obstetrics and gynecology / [edited by] Neville F. Hacker, J. George Moore, Joseph C. Gambone. 4th ed. c2004.</subfield>
  </datafield>
  <datafield tag="504" ind1=" " ind2=" ">
    <subfield code="a">Includes bibliographical references and index.</subfield>
  </datafield>
  <datafield tag="505" ind1="0" ind2="0">
    <subfield code="g">Part I: Introduction --</subfield>
    <subfield code="t">A life-course perspective for women's health care: safe, ethical, and effective practice /</subfield>
    <subfield code="r">Calvin J. Hobel, Michael C. Lu, and Joseph C. Gambone --</subfield>
    <subfield code="t">Clinical approach to the patient /</subfield>
    <subfield code="r">Joseph C. Gambone --</subfield>
    <subfield code="t">Female reproductive anatomy and embryology /</subfield>
    <subfield code="r">Joseph C. Gambone --</subfield>
    <subfield code="t">Female reproductive physiology /</subfield>
    <subfield code="r">Joseph C. Gambone --</subfield>
  </datafield>
  <datafield tag="505" ind1="0" ind2="0">
    <subfield code="g">Part II: Obstetrics --</subfield>
    <subfield code="t">Endocrinology of pregnancy and parturition /</subfield>
    <subfield code="r">Michael C. Lu and Calvin J. Hobel --</subfield>
    <subfield code="t">Maternal physiologic and immunologic adaptation to pregnancy /</subfield>
    <subfield code="r">Brian J. Koos, Daniel A. Kahn, and Ozlem Equils --</subfield>
    <subfield code="t">Antepartum care: preconception and prenatal care, genetic evaluation and teratology, and antenatal fetal assessment /</subfield>
    <subfield code="r">Michael C. Lu, John Williams III, and Calvin J. Hobel --</subfield>
    <subfield code="t">Normal labor, delivery, and postpartum care: anatomic considerations, obstetric analgesia and anesthesia, and resuscitation of the newborn /</subfield>
    <subfield code="r">Calvin J. Hobel and Mark Zakowski --</subfield>
    <subfield code="t">Fetal surveillance during labor /</subfield>
    <subfield code="r">Richard A. Bashore and Brian J. Koos --</subfield>
    <subfield code="t">Obstetric hemorrhage and puerperal sepsis /</subfield>
    <subfield code="r">Matthew Kim, Robert H. Hayashi, and Joseph C. Gambone --</subfield>
    <subfield code="t">Uterine contractility and dystocia /</subfield>
    <subfield code="r">Richard A. Bashore, Dotun Ogunyemi, and Robert H. Hayashi --</subfield>
    <subfield code="t">Obstetric complications: preterm labor, PROM, IUGR, postterm pregnancy, and IUFD /</subfield>
    <subfield code="r">Calvin J. Hobel --</subfield>
    <subfield code="t">Multifetal gestation and malpresentation /</subfield>
    <subfield code="r">Maryam Tarsa and Thomas R. Moore --</subfield>
    <subfield code="t">Hypertensive disorders of pregnancy /</subfield>
    <subfield code="r">Lony C. Castro --</subfield>
    <subfield code="t">Rhesus isoimmunization /</subfield>
    <subfield code="r">Lony C. Castro --</subfield>
    <subfield code="t">Common medical and surgical conditions complicating pregnancy /</subfield>
    <subfield code="r">Lony C. Castro and Dotun Ogunyemi --</subfield>
    <subfield code="t">Obstetric procedures /</subfield>
    <subfield code="r">Gladys A. Ramos and Thomas R. Moore --</subfield>
  </datafield>
  <datafield tag="505" ind1="0" ind2="0">
    <subfield code="g">Part III: Gynecology --</subfield>
    <subfield code="t">Congenital anomalies and benign conditions of the vulva and vagina /</subfield>
    <subfield code="r">Anita L. Nelson and Joseph C. Gambone --</subfield>
    <subfield code="t">Congenital anomalies and benign conditions of the uterine corpus and cervix /</subfield>
    <subfield code="r">Anita L. Nelson and Joseph C. Gambone --</subfield>
    <subfield code="t">Congenital anomalies and benign conditions of the ovaries and fallopian tubes /</subfield>
    <subfield code="r">Anita L. Nelson and Joseph C. Gambone --</subfield>
    <subfield code="t">Pelvic pain /</subfield>
    <subfield code="r">Andrea J. Rapkin and Joseph C. Gambone --</subfield>
    <subfield code="t">Vulvovaginitis, sexually transmitted infections, and pelvic inflammatory disease /</subfield>
    <subfield code="r">James A. McGregor and Joel B. Lench --</subfield>
    <subfield code="t">Genitourinary dysfunction: pelvic organ prolapse, urinary incontinence, and infections /</subfield>
    <subfield code="r">Christopher M. Tarnay and Narender N. Bhatia --</subfield>
    <subfield code="t">Ectopic pregnancy /</subfield>
    <subfield code="r">Mousa Shamonki, Anita L. Nelson, and Joseph C. Gambone --</subfield>
    <subfield code="t">Endometriosis and adenomyosis /</subfield>
    <subfield code="r">Joseph C. Gambone --</subfield>
    <subfield code="t">Family planning: reversible contraception, sterilization, and abortion /</subfield>
    <subfield code="r">Anita L. Nelson --</subfield>
    <subfield code="t">Sexuality and female sexual dysfunction /</subfield>
    <subfield code="r">Joseph C. Gambone --</subfield>
    <subfield code="t">Family and intimate partner violence, and sexual assault /</subfield>
    <subfield code="r">Bruce B. Ettinger and Joseph C. Gambone --</subfield>
    <subfield code="t">Breast disease: a gynecologic perspective /</subfield>
    <subfield code="r">Neville F. Hacker and Michael L. Friedlander --</subfield>
    <subfield code="t">Gynecologic procedures /</subfield>
    <subfield code="r">Joseph C. Gambone --</subfield>
  </datafield>
  <datafield tag="505" ind1="0" ind2="0">
    <subfield code="g">Part IV: Reproductive endocrinology and infertility --</subfield>
    <subfield code="t">Puberty and disorders of pubertal development /</subfield>
    <subfield code="r">Margareta D. Pisarska ... [et al.] --</subfield>
    <subfield code="t">Amenorrhea, oligomenorrhea, and hyperandrogenic disorders /</subfield>
    <subfield code="r">Carolyn J. Alexander ... [et al.] --</subfield>
    <subfield code="t">Dysfunctional uterine bleeding /</subfield>
    <subfield code="r">Joseph C. Gambone --</subfield>
    <subfield code="t">Infertility and assisted reproductive technologies /</subfield>
    <subfield code="r">David R. Meldrum --</subfield>
    <subfield code="t">Climacteric: menopause and peri- and postmenopause /</subfield>
    <subfield code="r">Larry R. Laufer and Joseph C. Gambone --</subfield>
    <subfield code="t">Menstrual cycle-influenced disorders /</subfield>
    <subfield code="r">Larry R. Laufer and Joseph C. Gambone --</subfield>
  </datafield>
  <datafield tag="505" ind1="0" ind2="0">
    <subfield code="g">Part V: Gynecologic oncology --</subfield>
    <subfield code="t">Principles of cancer therapy /</subfield>
    <subfield code="r">Neville F. Hacker --</subfield>
    <subfield code="t">Cervical dysplasia and cancer /</subfield>
    <subfield code="r">Neville F. Hacker --</subfield>
    <subfield code="t">Ovarian cancer /</subfield>
    <subfield code="r">Jonathan S. Berek --</subfield>
    <subfield code="t">Vulvar and vaginal cancer /</subfield>
    <subfield code="r">Neville F. Hacker --</subfield>
    <subfield code="t">Uterine corpus cancer /</subfield>
    <subfield code="r">Neville F. Hacker --</subfield>
    <subfield code="t">Gestational trophoblastic neoplasia /</subfield>
    <subfield code="r">Jonathan S. Berek.</subfield>
  </datafield>
  <datafield tag="650" ind1=" " ind2="4">
    <subfield code="a">Gynecology.</subfield>
    <subfield code="9">15876</subfield>
  </datafield>
  <datafield tag="650" ind1=" " ind2="4">
    <subfield code="a">Obstetrics.</subfield>
  </datafield>
  <datafield tag="650" ind1=" " ind2="4">
    <subfield code="a">Obstetrics.</subfield>
  </datafield>
  <datafield tag="650" ind1=" " ind2="4">
    <subfield code="a">Genital Diseases, Female.</subfield>
  </datafield>
  <datafield tag="650" ind1=" " ind2="4">
    <subfield code="a">Pregnancy Complications.</subfield>
  </datafield>
  <datafield tag="700" ind1="1" ind2=" ">
    <subfield code="a">Hacker, Neville F.</subfield>
    <subfield code="9">15945</subfield>
  </datafield>
  <datafield tag="700" ind1="1" ind2=" ">
    <subfield code="a">Gambone, Joseph C.</subfield>
    <subfield code="9">15946</subfield>
  </datafield>
  <datafield tag="700" ind1="1" ind2=" ">
    <subfield code="a">Hobel, Calvin J.</subfield>
    <subfield code="9">15947</subfield>
  </datafield>
  <datafield tag="730" ind1="0" ind2=" ">
    <subfield code="a">Essentials of obstetrics and gynecology.</subfield>
    <subfield code="9">15948</subfield>
  </datafield>
  <datafield tag="856" ind1="4" ind2="1">
    <subfield code="3">Table of contents only</subfield>
    <subfield code="u">http://www.loc.gov/catdir/toc/ecip0820/2008025860.html</subfield>
  </datafield>
  <datafield tag="906" ind1=" " ind2=" ">
    <subfield code="a">7</subfield>
    <subfield code="b">cbc</subfield>
    <subfield code="c">orignew</subfield>
    <subfield code="d">1</subfield>
    <subfield code="e">ecip</subfield>
    <subfield code="f">20</subfield>
    <subfield code="g">y-gencatlg</subfield>
  </datafield>
  <datafield tag="942" ind1=" " ind2=" ">
    <subfield code="2">ddc</subfield>
    <subfield code="c">DVD</subfield>
  </datafield>
  <datafield tag="999" ind1=" " ind2=" ">
    <subfield code="c">24178</subfield>
    <subfield code="d">258678</subfield>
  </datafield>
  <datafield tag="952" ind1=" " ind2=" ">
    <subfield code="1">0</subfield>
    <subfield code="2">2013-03-10</subfield>
    <subfield code="4">0</subfield>
    <subfield code="7">0</subfield>
    <subfield code="a">618 H A M</subfield>
    <subfield code="c">c.1</subfield>
    <subfield code="d">2012-06-23</subfield>
    <subfield code="h">CL</subfield>
    <subfield code="i">00109837</subfield>
    <subfield code="m">CL</subfield>
    <subfield code="q">2017-04-09</subfield>
    <subfield code="r">2017-05-17 00:00:00</subfield>
    <subfield code="t">BOOK</subfield>
    <subfield code="w">ddc</subfield>
    <subfield code="y">1</subfield>
  </datafield>
  <datafield tag="952" ind1=" " ind2=" ">
    <subfield code="1">0</subfield>
    <subfield code="2">2013-03-10</subfield>
    <subfield code="4">0</subfield>
    <subfield code="7">0</subfield>
    <subfield code="a">618 H A M</subfield>
    <subfield code="c">c.2</subfield>
    <subfield code="d">2012-06-23</subfield>
    <subfield code="h">CL</subfield>
    <subfield code="i">00109838</subfield>
    <subfield code="m">CL</subfield>
    <subfield code="o">1</subfield>
    <subfield code="q">2018-02-26</subfield>
    <subfield code="r">2020-07-05 00:00:00</subfield>
    <subfield code="t">BOOK</subfield>
    <subfield code="w">ddc</subfield>
    <subfield code="y">3</subfield>
  </datafield>
  <datafield tag="952" ind1=" " ind2=" ">
    <subfield code="1">0</subfield>
    <subfield code="2">2013-03-10</subfield>
    <subfield code="4">0</subfield>
    <subfield code="7">0</subfield>
    <subfield code="a">618 H A M</subfield>
    <subfield code="c">c.3</subfield>
    <subfield code="d">2012-06-23</subfield>
    <subfield code="h">CL</subfield>
    <subfield code="i">00109839</subfield>
    <subfield code="m">CL</subfield>
    <subfield code="q">2018-02-06</subfield>
    <subfield code="r">2018-02-28 00:00:00</subfield>
    <subfield code="t">BOOK</subfield>
    <subfield code="w">ddc</subfield>
    <subfield code="y">2</subfield>
  </datafield>
</record>
